| 000 | 01102 a2200241 4500 | ||
|---|---|---|---|
| 003 | UA-OsUOA | ||
| 005 | 20230718162717.0 | ||
| 008 | 230718b un ||||| |||| 00| 0 ukr d | ||
| 020 | _a9789664397626 | ||
| 040 |
_aUA-OsUOA _bukr _cUA-OsUOA _dUA-OsUOA |
||
| 041 | _aukr | ||
| 080 | _a349.3(091) | ||
| 090 |
_a349.3(091) _bС38 |
||
| 100 | _aСіньова Л. М. | ||
| 110 |
_aМіністерство освіти і науки України _bКиївський національний університет імені Тараса Шевченка |
||
| 245 |
_aПравове регулювання соціального захисту жертв нацистських переслідувань _bмонографія _cЛ. М. Сіньова |
||
| 260 |
_aК. _bВПЦ КУ _c2014 |
||
| 300 | _a239 с. | ||
| 650 |
_2UDC _a349 Спеціальні галузі права змішаного характеру |
||
| 942 |
_cBK _2udc |
||
| 955 | _a1 | ||
| 999 |
_c574659 _d574659 |
||